000 00475nam a2200181Ia 4500
001 3846
005 20260306145713.0
008 260306t2013||||xx |||||||||||||| ||spa||
041 _aESP
082 _a303.6250985
_bP59
100 _aPino, Ponciano del
_eAUT
245 0 _aLas formas del recuerdo:
_betnografías de la violencia política en el Perú
260 _c2013
300 _a307 páginas :
_c21 cm.
650 _aGEN
654 _aCHU
942 _cLIB
_dJUS
_fJUS
_2ddc
_n
999 _c3846
_d3846